000 00598nam a2200229Ia 4500
003 OSt
005 20220918202523.0
006 a|||||r|||| 00| 0
007 ta
008 220917b |||||||| |||| 00| 0 eng d
024 _a101,867
037 _cTextual
040 _aARTS
_cARTS
_beng
041 _2eng
_aeng
082 _aV218:72, K7.2,1
100 _aRao M Rama
_9104169
245 0 _aInscriptions of Andradesa
260 _aTripati
_bsri Venkateswara Univ
_c1968
650 _aHISTORY
942 _hV218:72, K7.2,1
_cTEXL
_2CC
999 _c225327
_d225327